Statystyki dla Test pamięci krótkotrwałej z państwami

Kliknij tutaj aby rozwiązać quiz!

Ogólne statystyki

  • Ten quiz został rozwiązany 7 razy
  • Średni wynik to 3 z 15

Statystyki odpowiedzi

Kraje% Poprawnych
Polska
100%
Francja
50%
Fidżi
17%
Gujana
17%
Oman
17%
Sri lanka
17%
Surinam
17%
Wenezuela
17%
Bhutan
0%
Dżibuti
0%
Grenada
0%
Haiti
0%
Liban
0%
Rwanda
0%
Watykan
0%

Rozkład punktacji

Percentyl według liczby udzielonych odpowiedzi

Procent ludzi z każdym wynikiem

Twoja historia wyników

Nie rozwiązałeś tego quizu